<?xml version="1.0" encoding="UTF-8"?>
<record
    xmlns:xsi="http://www.w3.org/2001/XMLSchema-instance"
    xsi:schemaLocation="http://www.loc.gov/MARC21/slim http://www.loc.gov/standards/marcxml/schema/MARC21slim.xsd"
    xmlns="http://www.loc.gov/MARC21/slim">

  <leader>01374namaa22003251i 4500</leader>
  <controlfield tag="005">20260609132317.0</controlfield>
  <controlfield tag="008">260503s1994    ua a|||frm||| 000 0 eng d</controlfield>
  <datafield tag="040" ind1=" " ind2=" ">
    <subfield code="a">EG-GICUC</subfield>
    <subfield code="b">eng</subfield>
    <subfield code="c">EG-GICUC</subfield>
    <subfield code="d">EG-GICUC</subfield>
    <subfield code="e">rda</subfield>
  </datafield>
  <datafield tag="041" ind1="0" ind2=" ">
    <subfield code="a">eng</subfield>
    <subfield code="b">eng</subfield>
    <subfield code="b">ara</subfield>
  </datafield>
  <datafield tag="049" ind1=" " ind2=" ">
    <subfield code="a">Deposit</subfield>
  </datafield>
  <datafield tag="097" ind1=" " ind2=" ">
    <subfield code="a">M.Sc</subfield>
  </datafield>
  <datafield tag="099" ind1=" " ind2=" ">
    <subfield code="a">Cai01.12.04.M.Sc.1994.Mo.E.</subfield>
  </datafield>
  <datafield tag="100" ind1="0" ind2=" ">
    <subfield code="a">Mohsen Mahmoud Mohamed Mady,</subfield>
    <subfield code="e">preparation.</subfield>
  </datafield>
  <datafield tag="245" ind1="1" ind2="0">
    <subfield code="a">Effect Of Some External Fields On The Release Of Drugs From Liposomes /</subfield>
    <subfield code="c">By Mohsen Mahmoud Mohamed Mady; Supervisor Prof.Dr. Fadel M. Ali, Prof.Dr. EL Sayed A. Gaafer, Dr. Magdy M. Ghanam.</subfield>
  </datafield>
  <datafield tag="246" ind1="1" ind2="5">
    <subfield code="a">&#x62A;&#x623;&#x62B;&#x64A;&#x631; &#x628;&#x639;&#x636; &#x627;&#x644;&#x645;&#x62C;&#x627;&#x644;&#x627;&#x62A; &#x627;&#x644;&#x62E;&#x627;&#x631;&#x62C;&#x64A;&#x629; &#x639;&#x644;&#x649; &#x62A;&#x633;&#x631;&#x628; &#x627;&#x644;&#x62F;&#x648;&#x627;&#x621; &#x645;&#x646; &#x627;&#x644;&#x644;&#x64A;&#x628;&#x648;&#x632;&#x648;&#x645;&#x627;&#x62A; </subfield>
  </datafield>
  <datafield tag="264" ind1=" " ind2="0">
    <subfield code="c">1994.</subfield>
  </datafield>
  <datafield tag="300" ind1=" " ind2=" ">
    <subfield code="a">59 Leaves : </subfield>
    <subfield code="b">illustrations ; </subfield>
    <subfield code="c">30 cm. + </subfield>
  </datafield>
  <datafield tag="336" ind1=" " ind2=" ">
    <subfield code="2">rda content</subfield>
    <subfield code="a">text</subfield>
  </datafield>
  <datafield tag="337" ind1=" " ind2=" ">
    <subfield code="2">rdamedia</subfield>
    <subfield code="a">Unmediated</subfield>
  </datafield>
  <datafield tag="338" ind1=" " ind2=" ">
    <subfield code="2">rdacarrier</subfield>
    <subfield code="a">volume</subfield>
  </datafield>
  <datafield tag="502" ind1=" " ind2=" ">
    <subfield code="a">Thesis (M.Sc.)-Cairo University, 1994.  </subfield>
  </datafield>
  <datafield tag="504" ind1=" " ind2=" ">
    <subfield code="a">Bibliography: pages 53-59.</subfield>
  </datafield>
  <datafield tag="653" ind1=" " ind2="0">
    <subfield code="a">Biophysics </subfield>
  </datafield>
  <datafield tag="700" ind1="0" ind2=" ">
    <subfield code="a">Fadel M. Ali</subfield>
    <subfield code="e">thesis advisor.</subfield>
  </datafield>
  <datafield tag="700" ind1="0" ind2=" ">
    <subfield code="a">EL Sayed A. Gaafer</subfield>
    <subfield code="e">thesis advisor.</subfield>
  </datafield>
  <datafield tag="700" ind1="0" ind2=" ">
    <subfield code="a">Magdy M. Ghanam</subfield>
    <subfield code="e">thesis advisor.</subfield>
  </datafield>
  <datafield tag="900" ind1=" " ind2=" ">
    <subfield code="D">Department of Biophysics </subfield>
    <subfield code="F">Faculty of Science </subfield>
    <subfield code="U">Cairo University</subfield>
    <subfield code="b">1994</subfield>
    <subfield code="c">Fadel M. Ali</subfield>
    <subfield code="c">EL Sayed A. Gaafer</subfield>
    <subfield code="c">Magdy M. Ghanam</subfield>
  </datafield>
  <datafield tag="905" ind1=" " ind2=" ">
    <subfield code="a">Eman El gebaly </subfield>
    <subfield code="e">Nourhan</subfield>
  </datafield>
  <datafield tag="942" ind1=" " ind2=" ">
    <subfield code="2">ddc</subfield>
    <subfield code="c">TH</subfield>
    <subfield code="e">21</subfield>
    <subfield code="n">0</subfield>
  </datafield>
  <datafield tag="999" ind1=" " ind2=" ">
    <subfield code="c">179911</subfield>
  </datafield>
  <datafield tag="952" ind1=" " ind2=" ">
    <subfield code="2">ddc</subfield>
    <subfield code="9">317548</subfield>
    <subfield code="a">CUCL</subfield>
    <subfield code="b">100</subfield>
    <subfield code="d">2026-05-03</subfield>
    <subfield code="i">26096</subfield>
    <subfield code="o">Cai01.12.04.M.Sc.1994.Mo.E.</subfield>
    <subfield code="p">01010110026096000</subfield>
    <subfield code="r">2026-05-03 10:36:52</subfield>
    <subfield code="w">2026-05-03</subfield>
    <subfield code="y">TH</subfield>
  </datafield>
</record>
